Hasil laut

Bibliographic Details
Main Author: Faridah Taib
Other Authors: Sulaiman Zakaria
Format: Book
Published: Petaling Jaya : Penerbit Pinang , 1995
Subjects:

MARC

LEADER 00000cam a2200000 7i4500
001 0000008836
005 20011110.0
020 |a 9830550214 
090 0 0 |a 338.09595   |b FAR 
100 0 |a Faridah Taib 
245 1 0 |a Hasil laut   |c Faridah Taib 
260 |a Petaling Jaya :   |b Penerbit Pinang ,   |c 1995 
300 |a 32 p. :   |b ill. ;   |c 23 cm. 
650 0 0 |a Economics   |x Juvenile literature 
700 0 |a Sulaiman Zakaria 
999 |a 052700   |b BUKU   |c PINJAMAN   |e PERPUSTAKAAN KOMUNITI PETALING JAYA